Literature by Letter - H - Statistics

General Stats
  • This quiz has been taken 17,992 times
    17,968 since last reset
  • The average score is 13 of 20
Answer Stats
Hint Answer % Correct
Shakespearean tragedy about something rotten in the state of Denmark Hamlet
98%
Great epic poet of "The Iliad" and "The Odyssey" Homer
96%
Hogwarts student; last name: Granger Hermione
94%
Japanese poem with seventeen syllables Haiku
86%
Third novel featuring Sherlock Holmes {Hound} of the Baskervilles, the
85%
Arthur Dent is the last surviving man in this sci-fi series {Hitchhiker}'s Guide to the Galaxy, the
83%
All the king's horses and all the king's men couldn't put him back together again Humpty Dumpty
83%
Trilogy about teenage tributes who must fight to the death Hunger Games, The
83%
Hamlet haunted by the Headless Horseman Sleepy {Hollow}
82%
Author of "The Sun Also Rises" and "A Farewell to Arms" Ernest Hemingway
76%
Dystopian novel by Margaret Atwood about a world where women are subjugated {Handmaid}'s Tale, the
74%
He wrote "The Scarlet Letter" Nathaniel Hawthorne
49%
Marlow and Kurtz voyage up the Congo River in this work Heart of Darkness
45%
Greek who was known as "The Father of History" (also "The Father of Lies") Herodotus
42%
Author of "Tess of the d'Urbervilles" and "Jude the Obscure" Thomas Hardy
41%
Prominent award given for works of science fiction or fantasy {Hugo} Award
33%
Unreliable narrator of the book "Lolita" Humbert Humbert
33%
Author of "The Kite Runner" Khaled Hosseini
27%
Short story writer known for surprise endings. Namesake of a candy bar O. Henry
25%
Trilogy where Lyra Belacqua and Will Parry wander through a series of parallel universes His Dark Materials
20%
No matching quizzes found
Score Distribution
Percent of People with Each Score
Percentile by Number Answered
Your Score History
You have not taken this quiz since the last reset